Rodinné svátky o století zpátky, aneb, Oslavy a rituály v české domácnosti / Kamila Skopová
Record details
- ISBN: 978-80-87310-11-3
- Physical Description: 95 s. : il. ; 17 cm
- Edition: 1. vyd.
- Publisher: Praha : Akropolis, 2010
Content descriptions
| Bibliography, etc. Note: | Obsahuje bibliografii |
Search for related items by subject
| Subject: | rodina > Česko zvyky a obyčeje > Česko lidové tradice > Česko svátky > Česko společenský život > Česko family > Czechia manners and customs > Czechia folk traditions > Czechia feasts > Czechia social life > Czechia |
| Genre: | příručky handbooks and manuals |
Available copies
- 1 of 1 copy available at Common Catalog SPOK.
Holds
- 0 current holds with 1 total copy.
Show Only Available Copies
| Location | Call Number / Copy Notes | Barcode | Shelving Location | Status | Due Date |
|---|---|---|---|---|---|
| Hospic Dobrého Pastýře | OS
Tematická katagorie: Odborná - ostatní (OS) |
2045957001135 | Centrum denních služeb (CDS) | Available | - |
Electronic resources
Version of Resource: Obsah
| LDR | 01791nam a2200529 a 4500 | ||
|---|---|---|---|
| 001 | 24786 | ||
| 003 | CZ-PrJAB | ||
| 005 | 20170814140332.0 | ||
| 007 | ta | ||
| 008 | 101005s2010 xr a g f 000 0 cze | ||
| 015 | . | ‡acnb002120996 | |
| 020 | . | ‡a978-80-87310-11-3 ‡q(brož.) : ‡cKč 125,00 | |
| 035 | . | ‡a(CZ PrNK)nkc20102120996 | |
| 035 | . | ‡a(OCoLC)681495537 | |
| 040 | . | ‡aABA001 ‡bcze | |
| 043 | . | ‡ae-xr--- | |
| 072 | 7. | ‡a398 ‡xFolklor. Lidové tradice ‡2Konspekt ‡91 | |
| 080 | . | ‡a392.3 ‡2MRF | |
| 080 | . | ‡a39 ‡2MRF | |
| 080 | . | ‡a398.1 ‡2MRF | |
| 080 | . | ‡a398.33 ‡2MRF | |
| 080 | . | ‡a316.728 ‡2MRF | |
| 080 | . | ‡a(437.3) ‡2MRF | |
| 080 | . | ‡a(035) ‡2MRF | |
| 100 | 1 | . | ‡aSkopová, Kamila, ‡d1944- ‡7xx0010215 ‡4aut |
| 245 | 1 | 0. | ‡aRodinné svátky o století zpátky, aneb, Oslavy a rituály v české domácnosti / ‡cKamila Skopová |
| 246 | 3 | 0. | ‡aOslavy a rituály v české domácnosti |
| 250 | . | ‡a1. vyd. | |
| 260 | . | ‡aPraha : ‡bAkropolis, ‡c2010 | |
| 300 | . | ‡a95 s. : ‡bil. ; ‡c17 cm | |
| 504 | . | ‡aObsahuje bibliografii | |
| 650 | 0 | 7. | ‡arodina ‡7ph117260 ‡zČesko ‡2czenas |
| 650 | 0 | 7. | ‡azvyky a obyčeje ‡7ph137519 ‡zČesko ‡2czenas |
| 650 | 0 | 7. | ‡alidové tradice ‡7ph122320 ‡zČesko ‡2czenas |
| 650 | 0 | 7. | ‡asvátky ‡7ph116350 ‡zČesko ‡2czenas |
| 650 | 0 | 7. | ‡aspolečenský život ‡7ph125930 ‡zČesko ‡2czenas |
| 650 | 0 | 9. | ‡afamily ‡zCzechia ‡2eczenas |
| 650 | 0 | 9. | ‡amanners and customs ‡zCzechia ‡2eczenas |
| 650 | 0 | 9. | ‡afolk traditions ‡zCzechia ‡2eczenas |
| 650 | 0 | 9. | ‡afeasts ‡zCzechia ‡2eczenas |
| 650 | 0 | 9. | ‡asocial life ‡zCzechia ‡2eczenas |
| 655 | 7. | ‡apříručky ‡7fd133209 ‡2czenas | |
| 655 | 9. | ‡ahandbooks and manuals ‡2eczenas | |
| 856 | 4 | 1. | ‡yObsah ‡uhttp://toc.nkp.cz/NKC/201010/contents/nkc20102120996_1.pdf |
| 910 | . | ‡aBNE702 | |
| 928 | 9 | . | ‡aAkropolis (Filip Tomáš) |
| 998 | . | ‡a002120996 | |
| 901 | . | ‡a24786 ‡b ‡c24786 ‡tbiblio | |